000
00306pab a2200121 454500
008
180718b xxu||||| |||| 00| 0 eng d
100
_a
Roy, Samaren
245
_a
Indian by birth: the irrelevance of reservation
650
_a
Reservation
650
_a
Backward Classes
773
_a
Statesman
909
_a
21619
999
_c
21619
_d
21619